[Event "AUTO-OPEN-4564"]
[Site "http://www.queenalice.com/game.php?id=1848805"]
[Date "2024.12.14"]
[Round "1"]
[White "Capixaba789"]
[Black "queen66"]
[Result "0-1"]
[WhiteElo "1903"]
[BlackElo "2094"]

1. e4 c5 2. Nf3 d6 3. d3 Nf6 4. Be2 g6 5. O-O Bg7 6. c4 O-O 7. Nc3 Nc6 8. Be3
Ng4 9. Bf4 f5 10. exf5 gxf5 11. Rb1 b6 12. Nd5 e6 13. Ne3 Bb7 14. Nxg4 fxg4 15.
Bg5 gxf3 16. Bxd8 fxe2 17. Qxe2 Nd4 18. Qg4 Raxd8 19. b4 Rf6 20. f3 Nxf3+ 21.
Rxf3 Bxf3 22. Qg3 Ba8 0-1

[Event "AUTO-OPEN-4564"]
[Site "http://www.queenalice.com/game.php?id=1848806"]
[Date "2024.12.14"]
[Round "1"]
[White "queen66"]
[Black "Capixaba789"]
[Result "1-0"]
[WhiteElo "1975"]
[BlackElo "1934"]

1. e4 Nf6 2. e5 Nd5 3. c4 Nb6 4. d4 d6 5. f4 e6 6. Nc3 d5 7. c5 N6d7 8. Nf3 c6
9. Bd3 b5 10. Ne2 a5 11. h4 Be7 12. g4 Na6 13. Ng3 Bb7 14. f5 exf5 15. Nxf5 1-0

[Event "AUTO-OPEN-4564"]
[Site "http://www.queenalice.com/game.php?id=1855338"]
[Date "2025.4.11"]
[Round "2"]
[White "queen66"]
[Black "delphicoracle"]
[Result "0-1"]
[WhiteElo "2242"]
[BlackElo "2691"]

1. e4 c6 2. d4 d5 3. e5 Bf5 4. Nf3 e6 5. Be2 c5 6. c3 Nc6 7. O-O cxd4 8. Nxd4
Bg6 9. Nxc6 bxc6 10. Nd2 Qc7 11. Nf3 Bc5 12. b4 Bb6 13. Ba6 Ne7 14. a4 Qb8 15.
Ba3 O-O 16. b5 Re8 17. a5 Bc7 18. Bxe7 Rxe7 19. bxc6 Qd8 20. Bb7 Rb8 21. a6 Re8
22. Nd4 Bxe5 23. Nb5 Qb6 24. Qe2 f6 0-1

[Event "AUTO-OPEN-4564"]
[Site "http://www.queenalice.com/game.php?id=1855343"]
[Date "2025.4.11"]
[Round "2"]
[White "queen66"]
[Black "Jsc"]
[Result "1-0"]
[WhiteElo "2217"]
[BlackElo "1794"]

1. e4 e6 2. d4 d5 3. Nc3 dxe4 4. Nxe4 Nf6 5. Nxf6+ Qxf6 6. Nf3 h6 7. Bd3 Bd7 8.
O-O Bd6 9. Re1 O-O 10. Ne5 Qe7 11. c3 Bc6 12. Bc2 Be8 13. Qf3 c6 14. Qg3 f6 15.
Ng6 Bxg6 16. Qxg6 Rf7 17. Qh7+ 1-0

[Event "AUTO-OPEN-4564"]
[Site "http://www.queenalice.com/game.php?id=1855344"]
[Date "2025.4.11"]
[Round "2"]
[White "Jsc"]
[Black "queen66"]
[Result "0-1"]
[WhiteElo "1796"]
[BlackElo "2216"]

1. e4 c5 2. c3 Nf6 3. d3 g6 4. Be3 d5 5. Bxc5 dxe4 6. dxe4 Qxd1+ 7. Kxd1 Nxe4 8.
Be3 Bg7 9. Bd3 Nf6 10. Nd2 O-O 11. Ne2 Rd8 12. Kc2 Nd5 13. Bd4 e5 14. Bc5 a5 15.
g3 Na6 16. Ba3 b5 17. Bxb5 Bf5+ 18. Kc1 Bh6 19. Ba4 Nb6 0-1

[Event "AUTO-MASTER-3260"]
[Site "http://www.queenalice.com/game.php?id=1855447"]
[Date "2025.4.12"]
[Round "1"]
[White "queen66"]
[Black "JailtonMaster"]
[Result "1-0"]
[WhiteElo "2180"]
[BlackElo "2143"]

1. e4 c5 2. Nf3 d6 3. d4 cxd4 4. Nxd4 Nf6 5. Nc3 a6 6. h3 e5 7. Nb3 Be6 8. Be3
Be7 9. f4 Nc6 10. f5 Bd7 11. g4 h6 12. Qf3 O-O 13. O-O-O Rc8 14. h4 Qc7 15. g5
Nh7 16. Nd5 Qd8 17. f6 gxf6 18. Bb6 Qe8 19. gxf6 Bxf6 20. Nxf6+ 1-0

[Event "AUTO-MASTER-3260"]
[Site "http://www.queenalice.com/game.php?id=1855448"]
[Date "2025.4.12"]
[Round "1"]
[White "JailtonMaster"]
[Black "queen66"]
[Result "0-1"]
[WhiteElo "2143"]
[BlackElo "2161"]

1. e4 c5 2. Nf3 d6 3. d4 cxd4 4. Nxd4 Nf6 5. Nc3 a6 6. Bg5 e6 7. f4 Qb6 8. Qd2
Qxb2 9. Rb1 Qa3 10. f5 Nc6 11. fxe6 fxe6 12. Nxc6 bxc6 13. e5 dxe5 14. Ne4 Nxe4
0-1

[Event "AUTO-MASTER-3260"]
[Site "http://www.queenalice.com/game.php?id=1855449"]
[Date "2025.4.12"]
[Round "1"]
[White "queen66"]
[Black "Tonto"]
[Result "1-0"]
[WhiteElo "2198"]
[BlackElo "2011"]

1. e4 e5 2. Nf3 d6 3. d4 exd4 4. Nxd4 c5 5. Ne2 Be7 6. h3 Nf6 7. Nbc3 a6 8. g4
O-O 9. Bg2 Nc6 10. f4 b5 11. e5 dxe5 12. Qxd8 Rxd8 13. Bxc6 Ra7 14. g5 Nd7 15.
Kf2 exf4 16. Bxf4 f6 17. Nd5 Kf7 18. Nxe7 Kxe7 19. Rad1 Kf7 20. gxf6 gxf6 21.
Rhg1 a5 22. Bh6 Rc7 23. Rg7+ Ke6 24. Bd5+ Kf5 25. Ng3+ Ke5 26. Re7+ Kd6 27. Re6#
1-0

[Event "AUTO-MASTER-3260"]
[Site "http://www.queenalice.com/game.php?id=1855450"]
[Date "2025.4.12"]
[Round "1"]
[White "Tonto"]
[Black "queen66"]
[Result "0-1"]
[WhiteElo "2005"]
[BlackElo "2207"]

1. e4 c5 2. Nf3 d6 3. Be2 Nf6 4. d3 Nc6 5. Bf4 e5 6. Bg5 Be7 7. Nc3 O-O 8. O-O
h6 9. Bh4 Be6 10. h3 g5 11. Bg3 Nd4 12. Nxd4 cxd4 13. Nb1 Qb6 14. b3 Rac8 15.
Nd2 Qc7 16. Rc1 b5 17. Nb1 Qa5 18. a3 Rc6 19. b4 Qc7 20. Nd2 Rc8 21. c4 bxc4 22.
dxc4 a5 23. b5 Rc5 24. Qa4 Bd8 25. f3 Nh5 26. Bf2 Nf4 27. Qd1 d3 28. Bxd3 Nxd3
29. Bxc5 Qxc5+ 30. Kh1 Nxc1 31. Qxc1 a4 32. Qd1 Ba5 33. Nb1 Bxc4 34. Rg1 Bb3 35.
Qe2 Bb6 36. Re1 Qd4 37. Kh2 Rc2 38. Qf1 Bc4 39. Qh1 Qf2 40. Rd1 g4 41. fxg4 Qf4#
0-1

[Event "AUTO-MASTER-3260"]
[Site "http://www.queenalice.com/game.php?id=1855451"]
[Date "2025.4.12"]
[Round "1"]
[White "queen66"]
[Black "Capixaba789"]
[Result "1-0"]
[WhiteElo "2156"]
[BlackElo "1857"]

1. e4 e5 2. Nf3 d6 3. d4 exd4 4. Nxd4 Nf6 5. Nc3 Be7 6. Bf4 Nc6 7. Qd2 O-O 8.
O-O-O Nxd4 9. Qxd4 Be6 10. f3 Qc8 11. g4 1-0

[Event "AUTO-ELITE-2581"]
[Site "http://www.queenalice.com/game.php?id=1856179"]
[Date "2025.4.26"]
[Round "1"]
[White "Sexxy_Bunny"]
[Black "queen66"]
[Result "1/2-1/2"]
[WhiteElo "2657"]
[BlackElo "2220"]

1. e4 e5 2. Nf3 Nc6 3. Bb5 a6 4. Ba4 Nf6 5. O-O Be7 6. Re1 b5 7. Bb3 O-O 8. c3
d5 9. exd5 Nxd5 10. Nxe5 Nxe5 11. Rxe5 c6 12. d4 Bd6 13. Re1 Qh4 14. g3 Qh3 15.
Be3 Bg4 16. Qd3 Rae8 17. Nd2 Qh5 18. a4 Re6 19. axb5 axb5 20. Nf1 Bf5 21. Qd2
Bh3 22. Bd1 Qg6 23. Bf3 Qf5 24. Qd1 h5 25. Ra6 Bc7 26. Bh1 h4 27. Bd2 Rf6 28.
Qe2 Re6 29. Qf3 Rxe1 30. Bxe1 Bf4 31. Bg2 Bg4 32. Qe4 Qc8 33. Ra1 Re8 34. Qc2
Bf5 35. Qd1 Bg4 36. Qc2 Bf5 37. Qd1 Bg4 38. Qc2 1/2-1/2

[Event "AUTO-ELITE-2581"]
[Site "http://www.queenalice.com/game.php?id=1856180"]
[Date "2025.4.26"]
[Round "1"]
[White "queen66"]
[Black "Sexxy_Bunny"]
[Result "1/2-1/2"]
[WhiteElo "2231"]
[BlackElo "2645"]

1. e4 c5 2. Nf3 d6 3. d4 cxd4 4. Nxd4 Nf6 5. Nc3 a6 6. h3 e5 7. Nb3 Be6 8. Be3
Be7 9. f4 exf4 10. Bxf4 O-O 11. Qf3 Nbd7 12. O-O-O Rc8 13. g4 h6 14. Kb1 Re8 15.
Be2 b5 16. Rhf1 Qc7 17. Nd4 Nh7 18. a3 Bf6 19. Qg3 Qa7 20. Nxe6 Bxc3 21. g5 Rxe6
22. Bg4 hxg5 23. Be3 Qc7 24. Bxe6 fxe6 25. Qxd6 Be5 26. Qxe6+ Kh8 27. c3 Nhf6
28. Rf5 Re8 29. Qf7 Rf8 30. Qg6 Kg8 31. Bd4 Qd6 32. Qxg5 Nxe4 33. Rxf8+ Kxf8 34.
Qf5+ Nef6 35. Bc5 Qxc5 36. Rxd7 Qc6 37. Rd1 Bg3 38. Rd4 Bc7 39. h4 Bg3 40. Qg6
Bd6 41. Kc2 Qc5 42. h5 Qe5 43. h6 gxh6 44. Qxh6+ Ke8 45. Qh8+ Ke7 46. Qg7+ Kd8
47. Qb7 Nd7 48. Kb1 Qf5+ 49. Ka1 Qf1+ 50. Ka2 Qf7+ 51. Kb1 Qf1+ 52. Ka2 Qf7+ 53.
Kb1 Qf1+ 54. Ka2 1/2-1/2